Nhà văn và tác phẩm trong trường phổ thông Tổ Hữu. Giúp học sinh học tốt môn văn. Để giáo viên tham khảo đọc thêm. Dành cho những người yêu chương

Shranjeno v:
Bibliografske podrobnosti
Glavni avtor: Nguyễn Kim Phong (Tuyển chọn và biên soạn)
Drugi avtorji: Lê Lưu Oanh
Format: Knjiga
Izdano: H. Giáo dục 1997
Serija:Bộ sách mơ rộng và nâng cao kiến thức
Teme:
Oznake: Označite
Brez oznak, prvi označite!
Thư viện lưu trữ: Trung tâm Học liệu Lê Vũ Hùng, Trường Đại học Đồng Tháp
LEADER 01038pam a22002538a 4500
001 00017967
005 20171026081022.0
008 110423s1997 ||||||Viesd
020 |c 8000 
041 0 # |a Vie 
082 1 4 |a 809.807  |b NH100V 
100 0 # |a Nguyễn Kim Phong  |e Tuyển chọn và biên soạn 
245 0 0 |a Nhà văn và tác phẩm trong trường phổ thông  |b Tổ Hữu. Giúp học sinh học tốt môn văn. Để giáo viên tham khảo đọc thêm. Dành cho những người yêu chương  |c Nguyễn Kim Phong, Lê Lưu Oanh 
260 # # |a H.  |b Giáo dục  |c 1997 
300 # # |a 159tr.  |c 21cm. 
490 # # |a Bộ sách mơ rộng và nâng cao kiến thức 
650 # 4 |a Tổ Hữu 
650 # 4 |a Văn học 
650 # 4 |a Văn học hiện đại 
700 0 # |a Lê Lưu Oanh 
852 # # |b Kho đọc  |j KD.0003306 
852 # # |j KD.0003306 
910 |d 23/04/2011 
980 # # |a Trung tâm Học liệu Lê Vũ Hùng, Trường Đại học Đồng Tháp